High-Kings of the Noldor in Middle-earth - Statistics

General Stats
  • This quiz has been taken 113 times
  • The average score is 5 of 6
Answer Stats
Answer % Correct
3 Fingolfin
97%
2 Fëanor
96%
1 Finwë
94%
6 Ereinion Gil-galad
88%
4 Fingon
83%
5 Turgon
81%
No matching quizzes found
Score Distribution
Percent of People with Each Score
Percentile by Number Answered
Your Score History
You have not taken this quiz